Statistics for Fasting typing from a to z

Click here to take the quiz!

General Stats

  • This quiz has been taken 468 times
  • The average score is 22 of 26

Answer Stats

HintAnswer% Correct
1a
95%
5e
95%
4d
93%
3c
90%
7g
90%
2b
89%
6f
89%
9i
89%
8h
88%
10j
88%
17q
88%
11k
86%
12l
86%
18r
86%
19s
86%
23w
86%
20t
85%
15o
84%
16p
84%
21u
84%
13m
81%
25y
81%
14n
79%
22v
78%
24x
78%
26z
74%

Score Distribution

Percentile by Number Answered

Percent of People with Each Score

Your Score History

You have not taken this quiz